[Event "Mazowiec-chT op Autumn"]
[Site "Poland"]
[Date "2012.12.09"]
[Round "7.25"]
[White "Kaminski, Lukasz"]
[Black "Hryszkiewicz, Marcin"]
[Result "0-1"]
[WhiteElo "1398"]
[BlackElo "1759"]
[PlyCount "120"]
[EventDate "2012.10.14"]
[EventType "team-swiss"]
[EventRounds "8"]
[EventCountry "POL"]
[SourceTitle "EXT 2019"]
[Source "ChessBase"]
[SourceDate "2018.10.10"]
[SourceVersion "1"]
[SourceVersionDate "2018.10.10"]
[SourceQuality "1"]

1. e4 e6 2. d4 d5 3. exd5 exd5 4. c4 Bb4+ 5. Bd2 Nc6 6. Bxb4 Nxb4 7. a3 Nc6 8. Nc3 Nf6 9. cxd5 Nxd5 10. g3 0-0 11. Qd3 Re8+ 12. Nge2 Nxc3 13. bxc3 Qd5 14. Rg1 Bf5 15. Qd2 Na5 16. Bg2 Qc4 17. Ra2 Nb3 18. Qb2 Nc1 19. Qxc1 Qxa2 20. Bf3 Bd3 21. Qd2 Qa1+ 22. Qd1 Qxc3+ 23. Kf1 Qxd4 24. Kg2 Rxe2 25. Bxe2 Be4+ 26. Bf3 Qxd1 27. Rxd1 Bxf3+ 28. Kxf3 Kf8 29. Rd7 Rc8 30. Ke4 Ke8 31. Rd3 Ke7 32. f4 c5 33. a4 g6 34. g4 a6 35. a5 Rc6 36. Rb3 Rc7 37. Kd5 f6 38. h4 Kd7 39. Rb6 c4 40. f5 c3 41. Rb1 c2 42. Rc1 gxf5 43. gxf5 Rc6 44. h5 h6 45. Ke4 Kd6 46. Kd4 Rc5 47. Ke4 Rc4+ 48. Kd3 Kd5 49. Rxc2 Rxc2 50. Kxc2 Ke4 51. Kc3 Kxf5 52. Kd4 Kf4 53. Kc5 f5 54. Kb6 Kg4 55. Kxb7 f4 56. Kxa6 f3 57. Kb7 f2 58. a6 f1Q 59. a7 Qf7+ 60. Kb6 Qd5 0-1

[Event "Mazowiec-chT op Autumn"]
[Site "Poland"]
[Date "2012.10.21"]
[Round "4.22"]
[White "Hryszkiewicz, Marcin"]
[Black "Zalewski, Daniel"]
[Result "1/2-1/2"]
[WhiteElo "1759"]
[BlackElo "1750"]
[PlyCount "168"]
[EventDate "2012.10.14"]
[EventType "team-swiss"]
[EventRounds "8"]
[EventCountry "POL"]
[SourceTitle "EXT 2019"]
[Source "ChessBase"]
[SourceDate "2018.10.10"]
[SourceVersion "1"]
[SourceVersionDate "2018.10.10"]
[SourceQuality "1"]

1. e4 e5 2. Nf3 Nf6 3. Nc3 Nc6 4. d4 exd4 5. Nxd4 Be7 6. Nxc6 dxc6 7. Be2 Qxd1+ 8. Bxd1 Bb4 9. 0-0 0-0 10. f3 Be6 11. Be2 h6 12. Bf4 Bd6 13. Be3 Rfd8 14. Nd1 Be7 15. Nf2 Ne8 16. e5 f6 17. f4 Kh8 18. a3 Bf5 19. Nd3 Rd5 20. exf6 Bxf6 21. Nb4 Rd7 22. Rab1 Re7 23. Rf3 Nd6 24. Bd3 Rxe3 25. Rxe3 Bd4 26. Kf2 Bxd3 27. cxd3 Nf5 28. Nc2 Bb6 29. Kf3 Bxe3 30. Nxe3 Nd6 31. Nc4 Nxc4 32. dxc4 Rd8 33. Ke3 Kg8 34. Rf1 Kf7 35. Rf2 Re8+ 36. Kd4 Kf6 37. g4 Rd8+ 38. Ke4 c5 39. Rc2 c6 40. h4 Rd4+ 41. Ke3 g5 42. fxg5+ hxg5 43. Rf2+ Kg6 44. h5+ Kg7 45. Kf3 Rxc4 46. Re2 Kf6 47. Rd2 Rd4 48. Rh2 Kg7 49. Re2 Kf6 50. Rh2 Kg7 51. h6+ Kh7 52. Rh5 Rd2 53. Rxg5 Kxh6 54. Rxc5 Rxb2 55. Kf4 Rf2+ 56. Kg3 Ra2 57. Ra5 a6 58. Kf4 Rf2+ 59. Kg3 Rb2 60. Kf4 Rb5 61. Ra4 Rd5 62. Re4 c5 63. Re6+ Kg7 64. Re7+ Kf6 65. Rxb7 Rd4+ 66. Ke3 Rxg4 67. Rb6+ Ke5 68. Rxa6 Rg3+ 69. Kd2 Kd4 70. Rd6+ Kc4 71. a4 Rg2+ 72. Ke3 Ra2 73. Ra6 Kb4 74. Kd3 c4+ 75. Kd4 Rd2+ 76. Ke3 Rd5 77. Rc6 Kb3 78. a5 c3 79. a6 c2 80. Rb6+ Ka2 81. Rc6 Kb1 82. Rb6+ Kc1 83. a7 Ra5 84. Rb7 Kd1 1/2-1/2

[Event "Mazowiec-chT op 1112"]
[Site "Poland"]
[Date "2012.02.05"]
[Round "6.32"]
[White "Sawicki, Mikolaj"]
[Black "Hryszkiewicz, Marcin"]
[Result "1-0"]
[WhiteElo "2018"]
[BlackElo "1782"]
[PlyCount "65"]
[EventDate "2012.01.08"]
[EventType "team-swiss"]
[EventRounds "10"]
[EventCountry "POL"]
[SourceTitle "EXT 2019"]
[Source "ChessBase"]
[SourceDate "2018.10.10"]
[SourceVersion "1"]
[SourceVersionDate "2018.10.10"]
[SourceQuality "1"]

1. e4 e6 2. d3 d5 3. Nd2 c5 4. Ngf3 Nc6 5. g3 Bd6 6. Bg2 Nge7 7. 0-0 0-0 8. Nh4 Qb6 9. Kh1 Bd7 10. f4 f6 11. Ndf3 Rad8 12. Qe2 dxe4 13. dxe4 e5 14. f5 Nd4 15. Qf2 Bc6 16. c3 Nxf3 17. Bxf3 g5 18. fxg6 hxg6 19. g4 Kg7 20. Be3 Qa5 21. a3 Qb5 22. Rad1 Rh8 23. Be2 Bxe4+ 24. Kg1 Qb3 25. Qxf6+ Kg8 26. Rxd6 Re8 27. Bd1 Qa2 28. Re6 Rh7 29. Bxc5 Qc4 30. Qxe5 Bd5 31. Rxg6+ Nxg6 32. Qxe8+ Kg7 33. Qxg6+ 1-0

[Event "Mazowiec-chT op 0910"]
[Site "Mazowsze"]
[Date "2010.01.31"]
[Round "5.18"]
[White "Boltacz, Slawomir"]
[Black "Hryszkiewicz, Marcin"]
[Result "1-0"]
[WhiteElo "2036"]
[BlackElo "1796"]
[PlyCount "81"]
[EventDate "2009.11.29"]
[EventType "team-tourn"]
[EventRounds "10"]
[EventCountry "POL"]
[SourceTitle "EXT 2011"]
[Source "ChessBase"]
[SourceDate "2010.11.26"]
[SourceVersion "1"]
[SourceVersionDate "2010.11.26"]
[SourceQuality "1"]

1. e4 e6 2. d4 d5 3. Nd2 Nf6 4. e5 Nfd7 5. Bd3 c5 6. c3 Nc6 7. Ndf3 f6 8. exf6 Nxf6 9. Ne2 Bd6 10. 0-0 0-0 11. dxc5 Bxc5 12. Ned4 Qc7 13. Re1 Ng4 14. Be3 Nxe3 15. fxe3 e5 16. Nxc6 bxc6 17. Nd2 Qb6 18. Qe2 e4 19. Bc2 Ba6 20. c4 Qxb2 21. Bb3 Kh8 22. Rab1 Qe5 23. Qg4 Rad8 24. Kh1 Rf2 25. Qh4 Rdf8 26. Nf3 exf3 27. Qxf2 dxc4 28. Bc2 fxg2+ 29. Qxg2 Bd6 30. Qh3 h6 31. Rf1 Re8 32. Rbe1 Bc8 33. Bf5 c3 34. Bxc8 Rxc8 35. Qxc8+ Kh7 36. Qf5+ Qxf5 37. Rxf5 Ba3 38. Ra5 Bb2 39. Re2 Bc1 40. Rxa7 Bd2 41. Rxd2 1-0

[Event "Szachylice op"]
[Site "Szachylice"]
[Date "2009.12.27"]
[Round "1.5"]
[White "Hryszkiewicz, Marcin"]
[Black "Krawiecki, Stanislaw"]
[Result "0-1"]
[WhiteElo "1796"]
[BlackElo "1392"]
[PlyCount "39"]
[EventDate "2009.12.27"]
[EventType "swiss"]
[EventRounds "9"]
[EventCountry "POL"]
[SourceTitle "EXT 2023"]
[Source "ChessBase"]
[SourceDate "2022.10.05"]
[SourceVersion "1"]
[SourceVersionDate "2022.10.05"]
[SourceQuality "1"]

1. e4 e5 2. Nf3 Nc6 3. Bb5 a6 4. Ba4 Nf6 5. 0-0 b5 6. Bb3 Be7 7. h3 d6 8. Re1 0-0 9. c3 Bb7 10. d4 h6 11. Nbd2 Re8 12. Nf1 Bf8 13. Ng3 Na5 14. Bc2 Nc4 15. Qd3 c5 16. a4 exd4 17. cxd4 cxd4 18. Nxd4 Ne5 19. Qb3 Qa5 20. Bf4 0-1